| 000 | 00426pab a2200169 454500 | ||
|---|---|---|---|
| 008 | 180718b2013 xxu||||| |||| 00| 0 eng d | ||
| 100 | _aSmith, Kriste Jordan | ||
| 245 | _aCollaboration enables operational and cultural change on a shoestring | ||
| 260 | _c2013 | ||
| 300 | _ap.40-42. | ||
| 362 | _aSpring | ||
| 650 | _aCultural change | ||
| 650 | _aCollaborations | ||
| 773 | _aManager | ||
| 908 | _aN | ||
| 909 | _a99513 | ||
| 999 |
_c99512 _d99512 |
||